Náčelníkův rok /

Hlavní autor: Nevrlý, Miloslav, 1933-
Jazyk: Čeština
Vydáno: Praha : Liga lesní moudrosti, 2018
Vydání: 2. vydání
Témata:
Fyzický popis: 52 stran ; 18 cm
Knihy
Uloženo v:
LEADER 02380cam a2200709 i 4500
001 nkc20193100322
003 CZ PrNK
005 20210331112648.0
007 ta
008 190107s2018 xr e 010 1acze d
015 |a cnb003100322 
020 |a 978-80-907062-0-0  |q (brožováno) 
035 |a (OCoLC)1245647373 
040 |a PNA001  |b cze  |d BOA001  |e rda 
043 |a e-xr--- 
045 |a x3y1 
072 7 |a 59  |x Zoologie  |2 Konspekt  |9 2 
072 7 |a 929  |x Biografie  |2 Konspekt  |9 8 
080 |a 59-051  |2 MRF 
080 |a [379.8.03:061.2]-055.1  |2 MRF 
080 |a 910.4  |2 MRF 
080 |a 502.2  |2 MRF 
080 |a 911.2(23.0)  |2 MRF 
080 |a 929  |2 MRF 
080 |a (437.3)  |2 MRF 
080 |a (0:82-9)  |2 MRF 
080 |a (0:82-94)  |2 MRF 
080 |a (082.2)  |2 MRF 
100 1 |a Nevrlý, Miloslav,  |d 1933-  |7 jk01090140  |4 aut  |4 hnr 
245 1 0 |a Náčelníkův rok /  |c Miloslav Nevrlý - Náčelník 
250 |a 2. vydání 
264 1 |a Praha :  |b Liga lesní moudrosti,  |c 2018 
300 |a 52 stran ;  |c 18 cm 
336 |a text  |b txt  |2 rdacontent 
337 |a bez média  |b n  |2 rdamedia 
338 |a svazek  |b nc  |2 rdacarrier 
500 |a "Vydáno u příležitosti Náčelníkových 80. narozenin" 
504 |a Obsahuje bibliografii 
600 1 7 |a Nevrlý, Miloslav,  |d 1933-  |7 jk01090140  |2 czenas 
648 7 |a 20.-21. století  |7 ch462155  |2 czenas 
650 0 7 |a zoologové  |7 ph127668  |z Česko  |y 20.-21. století  |2 czenas 
650 0 7 |a skauti  |7 ph125569  |z Česko  |y 20.-21. století  |2 czenas 
650 0 7 |a cestování  |7 ph119114  |2 czenas 
650 0 7 |a příroda  |7 ph115994  |2 czenas 
650 0 7 |a hory  |7 ph120812  |2 czenas 
650 0 9 |a zoologists  |z Czechia  |y 20th-21st centuries  |2 eczenas 
650 0 9 |a scouts  |z Czechia  |y 20th-21st centuries  |2 eczenas 
650 0 9 |a travelling  |2 eczenas 
650 0 9 |a nature  |2 eczenas 
650 0 9 |a mountains  |2 eczenas 
655 7 |a texty  |7 fd133699  |2 czenas 
655 7 |a autobiografické vzpomínky  |7 fd131854  |2 czenas 
655 7 |a jubilejní publikace  |7 fd131839  |2 czenas 
655 9 |a texts  |2 eczenas 
655 9 |a autobiographical reminiscences  |2 eczenas 
655 9 |a jubilee books  |2 eczenas 
910 2 |a BOA001  |b 1-1436.634 
920 |a 000796501  |z PNA001 
990 |a BK 
995 |a 01 
991 |b 201911  |c NOV 
996 6 |b 2610803997  |c 1-1436.634  |l MZK  |r Sklad / do 1 hodiny  |n 3  |p p.v.  |w 001766263  |u 000010  |a 1  |e BOA001  |j MZK50  |s P